| 000 | 00760caa a22001937a 4500 | ||
|---|---|---|---|
| 999 |
_c443093 _d443093 |
||
| 001 | 5142606 | ||
| 003 | UA-OsUOA | ||
| 005 | 20191204161908.0 | ||
| 008 | 191204b un ||||| |||| 00| 0 ukr d | ||
| 040 |
_aUA-OsUOA _bukr _cUA-OsUOA _dUA-OsUOA |
||
| 041 | _aukr | ||
| 080 | _a908 | ||
| 090 | _a908 | ||
| 100 | _aКавальська І. М. | ||
| 245 |
_aОстріг в спогадах П. О. Куліша і М. І. Костомарова _cІ. М. Ковальська |
||
| 300 | _aС. 81–85 | ||
| 773 | 0 |
_0331093 _9355490 _dОстрог 1992 _o104079 _tМатеріали І - ІІІ науково-краєзнавчих конференцій "Остріг на порозі 900-річчя" (1990 - 1992 рр.) _w(UA-OsUOA) 44980 |
|
| 942 |
_2udc _cBKA |
||